Cómo crear nuevas oportunidades de trabajo /

Obra que sostiene que el trabajo como entidad social está desapareciendo o cuando menos que no tendrá su expresión en lo que la sociedad ha venido llamando "empleo", de manera que es necesario desarrollar la capacidad para encontrar el trabajo que necesita hacerse y que ya no será ofrecido por una o...

Descripción completa

Guardado en:
Detalles Bibliográficos
Autor principal: Bridges, William (autor)
Formato: Libro
Idioma:Español
Publicado: México : Prentice-Hall, 1997, c1997
Temas:
Etiquetas: Agrega una etiqueta
Sin etiquetas, Sé el primero en etiquetar este registro!

MARC

LEADER 00000nam^a2200000^a^4500
001 000051339
005 20250521000000.0
009 20260310090316.343
020 |a 968-880-894-6 
037 |a Acervo ITESO - Biblioteca 
041 |a ESP 
082 |a 306. 36  |b BRI 
100 |a Bridges, William  |e (autor) 
245 1 0 |a Cómo crear nuevas oportunidades de trabajo /  |c W. Bridges ; tr. por Ninetta Guzmán B. 
264 4 |a México :  |b Prentice-Hall,  |c 1997, c1997 
300 |a 257 p. 
336 |a texto  |b txt  |2 rdacontenido 
337 |a sin mediación  |b n  |2 rdamedio 
338 |a volumen  |b nc  |2 rdasoporte 
500 |a Traducción de: Jobshift 
520 |a Obra que sostiene que el trabajo como entidad social está desapareciendo o cuando menos que no tendrá su expresión en lo que la sociedad ha venido llamando "empleo", de manera que es necesario desarrollar la capacidad para encontrar el trabajo que necesita hacerse y que ya no será ofrecido por una organización, y prepararse para llevarlo a cabo de la mejor manera. 
649 |a XX 
650 |a Trabajo -  |x Aspectos Sociales y Culturales 
650 |a Trabajo 
650 |a Generación de Empleo 
650 |a Empleo y Desempleo 
650 |a Mercado de Trabajo 
650 |a Recursos Humanos 
650 |a Economía 
650 |a Sociología 
650 |a Ciencias Administrativas 
910 |a Fondo General 
920 |a Impresos - Libros 
930 |a Colección General 
905 |a 101 
901 |a 0500013543  |b IT1  |c ACC  |u 20250521 
901 |a 0500019805  |b IT1  |c ACC  |u 20250521 
902 |a https://opac.biblio.iteso.mx/vufind/Record/000051339